000 00316nam a22001457a 4500
008 211020b ||||| |||| 00| 0 eng d
020 _a9781305655928
041 _aeng
080 _a573
082 _a573
100 _a11
101 _aBIO
245 _aBiology The Dynamic Science
_cRussell,
942 _2udc
_cBK
999 _c58310
_d58310